000 00626nam a2200241 i 4500
001 C2-0275219
003 PPAK
005 20180728004048.0
008 061016s1999 nyu |||| ||||| | eng d
020 _a0684852217
040 _aPPAK
_beng
_cPPAK
_erda
082 0 4 _a823
_223
090 0 0 _a823
_bPRO
_dLCK
100 1 _aProulx, Annie,
_eauthor
245 1 0 _aClose range :
_bwyoming stories
264 1 _aNew York :
_bScribner ,
_c1999
300 _a283 pages ;
_c24 cm
336 _2rdacontent
_atext
337 _2rdamedia
_aunmediated
338 _2rdacarrier
_avolume
650 1 0 _aEnglish fiction.
942 _ddc
_cB
999 _c82906
_d82906